|
|
|
|
| LEADER |
00000nam0a2200000 4500 |
| 001 |
355950 |
| 005 |
20241202165636.0 |
| 035 |
|
|
|a (RuTPU)RU\TPU\retro\13210
|
| 090 |
|
|
|a 355950
|
| 100 |
|
|
|a 20200714d1973 km y0rusy50 ca
|
| 101 |
0 |
|
|a rus
|
| 102 |
|
|
|a UA
|
| 105 |
|
|
|a af z 001zy
|
| 200 |
1 |
|
|a Физико-химические условия образования докембрийских железистых кварцитов
|f Ю. П. Мельник
|g Академия наук Украинской ССР, Институт геохимии и физики минералов
|
| 210 |
|
|
|a Киев
|c Наукова думка
|d 1973
|
| 215 |
|
|
|a 287 с.
|c ил.
|e Прилож.: 1 вкл. л.
|
| 320 |
|
|
|a Библиогр.: с. 271-285
|
| 606 |
1 |
|
|a Кварциты железистые
|x Происхождение
|2 stltpush
|3 (RuTPU)RU\TPU\subj\14255
|9 40698
|
| 610 |
1 |
|
|a докембрий
|
| 610 |
1 |
|
|a образование
|
| 610 |
1 |
|
|a физико-химические условия
|
| 610 |
1 |
|
|a осадконакопление
|
| 610 |
1 |
|
|a миграция
|
| 610 |
1 |
|
|a осаждение
|
| 610 |
1 |
|
|a железо
|
| 610 |
1 |
|
|a кремнеземы
|
| 610 |
1 |
|
|a метаморфизм
|
| 610 |
1 |
|
|a рудные минералы
|
| 675 |
|
|
|a 553.31.06
|v 4
|
| 700 |
|
1 |
|a Мельник
|b Ю. П.
|g Юрий Петрович
|
| 712 |
0 |
2 |
|a Академия наук Украинской ССР
|b Институт геохимии и физики минералов
|7 ca
|8 rus
|c Киев
|c 1969-1993
|2 stltpush
|3 (RuTPU)RU\TPU\col\13747
|9 25770
|
| 801 |
|
1 |
|a RU
|b 63413507
|c 20200714
|
| 801 |
|
2 |
|a RU
|b 63413507
|c 20210226
|g RCR
|
| 942 |
|
|
|c BK
|